书目信息 |
| 题名: |
保罗·安德鲁建筑回忆录
|
|
| 作者: | 安德鲁 著 ;周冉 , 缪伶超 , 王笑月 译 | |
| 分册: | ||
| 出版信息: | 北京 中信出版社 2015.01 |
|
| 页数: | XVII, 280页 | |
| 开本: | 21cm | |
| 丛书名: | ||
| 单 册: | ||
| 中图分类: | K835.656 | |
| 科图分类: | ||
| 主题词: | 建筑师--jian zhu shi--回忆录--法国--现代 | |
| 电子资源: | ||
| ISBN: | 978-7-5086-4883-5 | |
| 000 | 01280nam0 2200313 450 | |
| 001 | CAL 0120141429062 | |
| 005 | 20150826163801.81 | |
| 010 | @a978-7-5086-4883-5@dCNY58.00 | |
| 100 | @a20150227d2015 em y0chiy50 ea | |
| 101 | 1 | @achi@cfre |
| 102 | @aCN@b110000 | |
| 105 | @aa z 000yd | |
| 106 | @ar | |
| 200 | 1 | @a保罗·安德鲁建筑回忆录@Abao luo · an de lu jian zhu hui yi lu@d= Paul Andreu archi-memoires@e创造, 在艺术与科学之间@f(法) 保罗·安德鲁著@g周冉, 缪伶超, 王笑月译@zfre |
| 210 | @a北京@c中信出版社@d2015.01 | |
| 215 | @aXVII, 280页@c图@d21cm | |
| 330 | @a本书以第一人称讲述了保罗·安德鲁为什么想当一名建筑师? 如何在科学与艺术之间徘徊? 最终却纯粹因为个人的理解, 选择了看似既是科学又是艺术的建筑, 并深深爱上了建筑学。 | |
| 500 | 10 | @aPaul Andreu archi-memoires@mChinese |
| 517 | 1 | @a创造, 在艺术与科学之间@Achuang zao , zai yi shu yu ke xue zhi jian |
| 586 | @a | |
| 600 | 0 | @a安德鲁@Aan de lu@g(Andreu, Paul),@f1938-@x回忆录 |
| 606 | 0 | @a建筑师@Ajian zhu shi@x回忆录@y法国@z现代 |
| 690 | @aK835.656@v5 | |
| 701 | 1 | @a安德鲁@Aan de lu@g(Andreu, Paul)@4著 |
| 702 | 0 | @a周冉@Azhou ran@4译 |
| 702 | 0 | @a缪伶超@Amiu ling chao@4译 |
| 702 | 0 | @a王笑月@Awang xiao yue@4译 |
| 801 | 0 | @aCN@c20150820 |
| 905 | @a河南城建学院图书馆@dK835.656@eA491@f3 | |
| 保罗·安德鲁建筑回忆录= Paul Andreu archi-memoires:创造, 在艺术与科学之间/(法) 保罗·安德鲁著/周冉, 缪伶超, 王笑月译.-北京:中信出版社,2015.01 |
| XVII, 280页:图;21cm |
| ISBN 978-7-5086-4883-5:CNY58.00 |
| 本书以第一人称讲述了保罗·安德鲁为什么想当一名建筑师? 如何在科学与艺术之间徘徊? 最终却纯粹因为个人的理解, 选择了看似既是科学又是艺术的建筑, 并深深爱上了建筑学。 |
| ● |
| 相关链接 |
|
|
|
正题名:保罗·安德鲁建筑回忆录
索取号:K835.656/A491
 
预约/预借
| 序号 | 登录号 | 条形码 | 馆藏地/架位号 | 状态 | 备注 |
| 1 | 1233374 | 212333740 | 社科库309/309社科库 1排4列5层/ [索取号:K835.656/A491] | 在馆 | |
| 2 | 1233375 | 212333759 | 社科库309/309社科库 1排4列5层/ [索取号:K835.656/A491] | 在馆 | |
| 3 | 1233376 | 212333768 | 社科库309/309社科库 1排4列5层/ [索取号:K835.656/A491] | 在馆 |